[Event "High League 2022 men"]
[Site "Obninsk"]
[Date "2022.07.05"]
[Round "9.13"]
[White "Kotenko, Pavel"]
[Black "Alekseev, Evgeny"]
[Result "1/2-1/2"]
[LiveChessVersion "1.4.7"]
[BlackElo "2601"]
[WhiteElo "2323"]

1. e4 {[%clk 1:30:58]} e5 {[%clk 1:30:30]} 2. Nf3 {[%clk 1:31:19]} Nc6
{[%clk 1:30:50]} 3. Bb5 {[%clk 1:31:36]} a6 {[%clk 1:30:58]} 4. Ba4
{[%clk 1:31:58]} Nf6 {[%clk 1:31:07]} 5. O-O {[%clk 1:32:14]} Be7
{[%clk 1:31:08]} 6. Re1 {[%clk 1:32:27]} b5 {[%clk 1:31:20]} 7. Bb3
{[%clk 1:32:50]} d6 {[%clk 1:31:43]} 8. c3 {[%clk 1:32:41]} O-O {[%clk 1:31:47]}
9. h3 {[%clk 1:32:59]} Nb8 {[%clk 1:31:50]} 10. d4 {[%clk 1:32:25]} Nbd7
{[%clk 1:31:30]} 11. Nbd2 {[%clk 1:32:37]} Bb7 {[%clk 1:31:34]} 12. Bc2
{[%clk 1:32:22]} Re8 {[%clk 1:29:34]} 13. Nf1 {[%clk 1:32:34]} Bf8
{[%clk 1:29:19]} 14. Ng3 {[%clk 1:32:54]} g6 {[%clk 1:29:10]} 15. a4
{[%clk 1:32:33]} c5 {[%clk 1:27:39]} 16. d5 {[%clk 1:32:38]} c4 {[%clk 1:24:32]}
17. Bg5 {[%clk 1:32:43]} Be7 {[%clk 1:22:07]} 18. Be3 {[%clk 1:28:31]} Qc7
{[%clk 1:17:56]} 19. Qd2 {[%clk 1:21:09]} Nc5 {[%clk 1:15:11]} 20. Rf1
{[%clk 1:18:48]} Bf8 {[%clk 1:11:02]} 21. Bg5 {[%clk 1:12:17]} Bg7
{[%clk 1:03:44]} 22. Nh2 {[%clk 1:05:14]} h5 {[%clk 1:00:42]} 23. Qe2
{[%clk 0:46:16]} Nh7 {[%clk 0:52:08]} 24. Be3 {[%clk 0:45:28]} Rab8
{[%clk 0:50:49]} 25. axb5 {[%clk 0:37:04]} axb5 {[%clk 0:50:36]} 26. Ra7
{[%clk 0:37:05]} Nf6 {[%clk 0:43:30]} 27. Nf3 {[%clk 0:34:35]} Qb6
{[%clk 0:42:17]} 28. Rfa1 {[%clk 0:32:40]} Ra8 {[%clk 0:42:08]} 29. Rxa8
{[%clk 0:31:18]} Rxa8 {[%clk 0:42:19]} 30. Rxa8+ {[%clk 0:31:35]} Bxa8
{[%clk 0:42:47]} 31. Nd2 {[%clk 0:28:52]} Qa5 {[%clk 0:35:40]} 32. Qd1
{[%clk 0:21:23]} Bb7 {[%clk 0:27:53]} 33. Qb1 {[%clk 0:17:52]} Ba6
{[%clk 0:24:57]} 34. Ne2 {[%clk 0:14:14]} Kh7 {[%clk 0:18:05]} 35. Nc1
{[%clk 0:09:18]} Bh6 {[%clk 0:13:51]} 36. Bxh6 {[%clk 0:09:22]} Kxh6
{[%clk 0:14:18]} 37. Na2 {[%clk 0:09:08]} Bc8 {[%clk 0:13:37]} 38. Nb4
{[%clk 0:09:08]} Bd7 {[%clk 0:13:44]} 39. Qa2 {[%clk 0:07:41]} Qxa2
{[%clk 0:10:57]} 40. Nxa2 {[%clk 0:38:06]} h4 {[%clk 0:39:21]} 41. Nb4
{[%clk 0:35:55]} Kg5 {[%clk 0:35:38]} 42. f3 {[%clk 0:22:42]} Nh5
{[%clk 0:28:00]} 43. Kf2 {[%clk 0:19:54]} f5 {[%clk 0:21:24]} 44. Ke3
{[%clk 0:18:53]} Nf4 {[%clk 0:21:47]} 45. Kf2 {[%clk 0:19:05]} Nh5
{[%clk 0:19:30]} 1/2-1/2

[Event "High League 2022 men"]
[Site "Obninsk"]
[Date "2022.07.05"]
[Round "9.14"]
[White "Goryachkina, Aleksandra"]
[Black "Grebnev, Aleksey"]
[Result "1/2-1/2"]
[LiveChessVersion "1.4.7"]
[BlackElo "2439"]
[WhiteElo "2599"]

1. d4 {[%clk 1:30:51]} Nf6 {[%clk 1:30:53]} 2. c4 {[%clk 1:31:11]} e6
{[%clk 1:31:18]} 3. g3 {[%clk 1:31:29]} d5 {[%clk 1:31:41]} 4. Bg2
{[%clk 1:31:50]} dxc4 {[%clk 1:31:49]} 5. Nf3 {[%clk 1:31:40]} Bb4+
{[%clk 1:32:12]} 6. Bd2 {[%clk 1:30:59]} c5 {[%clk 1:32:35]} 7. O-O
{[%clk 1:30:07]} O-O {[%clk 1:33:00]} 8. Bxb4 {[%clk 1:27:39]} cxb4
{[%clk 1:33:23]} 9. Ne5 {[%clk 1:27:31]} Nc6 {[%clk 1:33:13]} 10. Bxc6
{[%clk 1:27:01]} bxc6 {[%clk 1:33:38]} 11. a3 {[%clk 1:27:17]} b3
{[%clk 1:33:49]} 12. Nd2 {[%clk 1:25:28]} c5 {[%clk 1:30:15]} 13. dxc5
{[%clk 1:22:19]} c3 {[%clk 1:30:36]} 14. Nxb3 {[%clk 1:17:31]} Qxd1
{[%clk 1:29:46]} 15. Raxd1 {[%clk 1:03:53]} Rb8 {[%clk 1:30:09]} 16. Nd4
{[%clk 0:58:12]} cxb2 {[%clk 1:30:29]} 17. Nec6 {[%clk 0:42:18]} Rb7
{[%clk 1:30:33]} 18. Na5 {[%clk 0:36:23]} Rb8 {[%clk 1:30:21]} 19. Nac6
{[%clk 0:35:00]} Rb7 {[%clk 1:30:07]} 20. Na5 {[%clk 0:35:21]} Rb8
{[%clk 1:30:26]} 21. Nac6 {[%clk 0:32:58]} 1/2-1/2

[Event "High League 2022 men"]
[Site "Obninsk"]
[Date "2022.07.05"]
[Round "9.15"]
[White "Kryakvin, Dmitry"]
[Black "Shchukin, Maksim"]
[Result "1/2-1/2"]
[LiveChessVersion "1.4.7"]
[BlackElo "2361"]
[WhiteElo "2524"]

1. c4 {[%clk 1:30:58]} Nf6 {[%clk 1:29:39]} 2. Nf3 {[%clk 1:30:50]} e6
{[%clk 1:29:30]} 3. Nc3 {[%clk 1:30:59]} c5 {[%clk 1:28:50]} 4. g3
{[%clk 1:28:35]} Nc6 {[%clk 1:28:05]} 5. Bg2 {[%clk 1:28:00]} d5 {[%clk 1:26:48]}
6. cxd5 {[%clk 1:27:51]} Nxd5 {[%clk 1:26:24]} 7. O-O {[%clk 1:27:38]} Be7
{[%clk 1:24:08]} 8. d4 {[%clk 1:26:29]} O-O {[%clk 1:13:20]} 9. Nxd5
{[%clk 1:23:18]} exd5 {[%clk 1:07:20]} 10. dxc5 {[%clk 1:15:32]} Bxc5
{[%clk 1:06:45]} 11. Qd3 {[%clk 0:56:48]} h6 {[%clk 1:00:00]} 12. b3
{[%clk 0:55:40]} Qf6 {[%clk 0:55:32]} 13. Bd2 {[%clk 0:52:25]} Be6
{[%clk 0:52:44]} 14. Bc3 {[%clk 0:49:02]} d4 {[%clk 0:47:59]} 15. Bb2
{[%clk 0:49:09]} Rfd8 {[%clk 0:43:43]} 16. Nd2 {[%clk 0:42:55]} Bb6
{[%clk 0:35:58]} 17. Nc4 {[%clk 0:40:58]} Bxc4 {[%clk 0:27:17]} 18. Qxc4
{[%clk 0:39:23]} Rac8 {[%clk 0:27:37]} 19. Rac1 {[%clk 0:34:32]} Qf5
{[%clk 0:26:24]} 20. Qa4 {[%clk 0:33:37]} Re8 {[%clk 0:21:34]} 21. Bf3
{[%clk 0:28:44]} Rcd8 {[%clk 0:19:06]} 22. Kg2 {[%clk 0:27:13]} d3
{[%clk 0:16:48]} 23. Bg4 {[%clk 0:13:24]} Qd5+ {[%clk 0:17:11]} 24. Bf3
{[%clk 0:13:48]} Qf5 {[%clk 0:17:36]} 25. Bg4 {[%clk 0:14:05]} Qd5+
{[%clk 0:11:06]} 26. Bf3 {[%clk 0:14:12]} Qf5 {[%clk 0:11:31]} 1/2-1/2

[Event "High League 2022 men"]
[Site "Obninsk"]
[Date "2022.07.05"]
[Round "9.16"]
[White "Shuvalova, Polina"]
[Black "Obgolts, Erik"]
[Result "1/2-1/2"]
[LiveChessVersion "1.4.7"]
[BlackElo "2435"]
[WhiteElo "2498"]

1. e4 {[%clk 1:30:57]} c6 {[%clk 1:30:47]} 2. d4 {[%clk 1:31:23]} d5
{[%clk 1:31:12]} 3. e5 {[%clk 1:31:49]} c5 {[%clk 1:31:20]} 4. dxc5
{[%clk 1:32:13]} e6 {[%clk 1:31:47]} 5. c3 {[%clk 1:32:38]} Bxc5 {[%clk 1:30:37]}
6. Qg4 {[%clk 1:33:03]} g6 {[%clk 1:25:23]} 7. Bd3 {[%clk 1:33:25]} Nc6
{[%clk 1:14:20]} 8. Qe2 {[%clk 1:33:33]} f6 {[%clk 1:05:59]} 9. Nf3
{[%clk 1:32:32]} fxe5 {[%clk 1:01:03]} 10. Nxe5 {[%clk 1:32:52]} Nxe5
{[%clk 0:56:30]} 11. Qxe5 {[%clk 1:33:17]} Nf6 {[%clk 0:55:34]} 12. O-O
{[%clk 1:27:50]} O-O {[%clk 0:53:15]} 13. Bh6 {[%clk 1:13:35]} Rf7
{[%clk 0:52:36]} 14. Qg5 {[%clk 1:13:54]} Qe7 {[%clk 0:47:03]} 15. c4
{[%clk 1:06:53]} e5 {[%clk 0:43:46]} 16. cxd5 {[%clk 1:06:06]} e4
{[%clk 0:43:13]} 17. Be2 {[%clk 1:03:10]} Bf5 {[%clk 0:36:33]} 18. Nc3
{[%clk 1:02:53]} a6 {[%clk 0:36:11]} 19. Nd1 {[%clk 0:49:25]} Nxd5
{[%clk 0:27:27]} 20. Bc4 {[%clk 0:49:21]} Qxg5 {[%clk 0:27:20]} 21. Bxg5
{[%clk 0:49:41]} Be6 {[%clk 0:27:29]} 22. Nc3 {[%clk 0:45:06]} Nf4
{[%clk 0:27:12]} 23. Bxe6 {[%clk 0:45:14]} Nxe6 {[%clk 0:27:38]} 24. Nxe4
{[%clk 0:43:42]} Bd4 {[%clk 0:25:12]} 25. Be3 {[%clk 0:34:08]} Bxb2
{[%clk 0:24:29]} 26. Rab1 {[%clk 0:34:34]} Be5 {[%clk 0:21:47]} 27. Rb6
{[%clk 0:34:27]} Re8 {[%clk 0:21:50]} 28. Nd6 {[%clk 0:34:03]} Bxd6
{[%clk 0:22:15]} 29. Rxd6 {[%clk 0:34:30]} h5 {[%clk 0:17:40]} 30. Rb1
{[%clk 0:29:49]} Kh7 {[%clk 0:14:57]} 31. h4 {[%clk 0:28:37]} Ng7
{[%clk 0:10:50]} 32. Rdb6 {[%clk 0:28:19]} Ree7 {[%clk 0:10:54]} 33. R1b2
{[%clk 0:26:13]} Nf5 {[%clk 0:10:51]} 34. Bg5 {[%clk 0:26:30]} Rd7
{[%clk 0:11:00]} 35. f3 {[%clk 0:25:05]} Nd4 {[%clk 0:10:46]} 36. Kf2
{[%clk 0:22:13]} Nc6 {[%clk 0:11:06]} 37. Kg3 {[%clk 0:22:18]} Kg7
{[%clk 0:10:50]} 38. Re2 {[%clk 0:18:40]} Nd4 {[%clk 0:10:33]} 39. Re4
{[%clk 0:17:38]} Nf5+ {[%clk 0:10:31]} 40. Kf2 {[%clk 0:45:09]} Rd6
{[%clk 0:40:35]} 41. Rb1 {[%clk 0:40:46]} Rc6 {[%clk 0:38:29]} 42. Rb2
{[%clk 0:39:12]} Rfc7 {[%clk 0:35:35]} 43. Ree2 {[%clk 0:37:20]} Nd4
{[%clk 0:34:51]} 44. Red2 {[%clk 0:37:18]} Ne6 {[%clk 0:34:59]} 45. Be3
{[%clk 0:37:34]} b5 {[%clk 0:35:03]} 46. Kg3 {[%clk 0:37:07]} Kf7
{[%clk 0:35:25]} 47. Kh3 {[%clk 0:34:47]} Ke7 {[%clk 0:35:25]} 48. Re2
{[%clk 0:33:52]} Rd7 {[%clk 0:35:09]} 49. Rb1 {[%clk 0:30:15]} Rd5
{[%clk 0:30:34]} 50. Reb2 {[%clk 0:22:38]} Rc4 {[%clk 0:30:08]} 51. Kg3
{[%clk 0:22:23]} Kd7 {[%clk 0:30:25]} 52. Rb4 {[%clk 0:19:22]} Rxb4
{[%clk 0:27:04]} 53. Rxb4 {[%clk 0:19:47]} a5 {[%clk 0:26:00]} 54. Rb2
{[%clk 0:19:09]} b4 {[%clk 0:25:27]} 55. Kf2 {[%clk 0:18:16]} Rd3
{[%clk 0:20:47]} 56. Ke2 {[%clk 0:13:14]} Rc3 {[%clk 0:20:46]} 57. g4
{[%clk 0:09:14]} Kd6 {[%clk 0:20:19]} 58. gxh5 {[%clk 0:06:05]} gxh5
{[%clk 0:20:45]} 59. f4 {[%clk 0:06:30]} Nc5 {[%clk 0:16:48]} 60. Kf3
{[%clk 0:04:32]} Nd3 {[%clk 0:14:04]} 61. Rd2 {[%clk 0:04:22]} Kd5
{[%clk 0:12:24]} 62. Rd1 {[%clk 0:02:23]} Ke6 {[%clk 0:10:10]} 63. Ke4
{[%clk 0:02:43]} Nc5+ {[%clk 0:10:12]} 64. Kf3 {[%clk 0:01:40]} a4
{[%clk 0:08:35]} 65. Rd8 {[%clk 0:01:16]} a3 {[%clk 0:08:05]} 66. Re8+
{[%clk 0:00:57]} Kf7 {[%clk 0:08:09]} 67. Rb8 {[%clk 0:00:50]} b3
{[%clk 0:06:28]} 68. axb3 {[%clk 0:01:10]} Nxb3 {[%clk 0:06:10]} 69. Ra8
{[%clk 0:01:10]} Nd2+ {[%clk 0:06:07]} 70. Ke2 {[%clk 0:00:58]} Ne4
{[%clk 0:05:30]} 71. Ra4 {[%clk 0:00:34]} Ng3+ {[%clk 0:04:36]} 72. Kd2
{[%clk 0:00:41]} Rb3 {[%clk 0:05:01]} 73. Bc5 {[%clk 0:00:37]} Rb2+
{[%clk 0:04:15]} 74. Kd3 {[%clk 0:00:32]} a2 {[%clk 0:04:28]} 75. Bd4
{[%clk 0:00:46]} Rh2 {[%clk 0:04:49]} 76. Be5 {[%clk 0:00:41]} Rxh4
{[%clk 0:01:42]} 77. Bc3 1/2-1/2

[Event "High League 2022 men"]
[Site "Obninsk"]
[Date "2022.07.05"]
[Round "9.17"]
[White "Ekdyshman, Mikhail"]
[Black "Tsvetkov, Andrey"]
[Result "0-1"]
[LiveChessVersion "1.4.7"]
[BlackElo "2398"]
[WhiteElo "2307"]

1. e4 {[%clk 1:30:58]} c5 {[%clk 1:30:56]} 2. c3 {[%clk 1:31:23]} Nf6
{[%clk 1:30:02]} 3. e5 {[%clk 1:31:47]} Nd5 {[%clk 1:30:30]} 4. d4
{[%clk 1:32:07]} cxd4 {[%clk 1:30:56]} 5. Nf3 {[%clk 1:32:29]} e6
{[%clk 1:31:07]} 6. cxd4 {[%clk 1:32:52]} d6 {[%clk 1:31:28]} 7. a3
{[%clk 1:31:54]} Be7 {[%clk 1:31:21]} 8. Bd3 {[%clk 1:32:11]} b6 {[%clk 1:31:21]}
9. O-O {[%clk 1:32:23]} Bb7 {[%clk 1:31:43]} 10. Re1 {[%clk 1:32:31]} Nd7
{[%clk 1:31:01]} 11. exd6 {[%clk 1:24:37]} Bxd6 {[%clk 1:30:41]} 12. Ng5
{[%clk 1:24:36]} N5f6 {[%clk 1:16:25]} 13. Nc3 {[%clk 1:22:39]} O-O
{[%clk 1:14:16]} 14. Bc2 {[%clk 1:14:45]} h6 {[%clk 1:09:30]} 15. Nf3
{[%clk 1:08:32]} Nd5 {[%clk 1:00:07]} 16. Qd3 {[%clk 1:07:24]} N7f6
{[%clk 1:00:32]} 17. Ne5 {[%clk 1:06:33]} Bxe5 {[%clk 0:46:54]} 18. Rxe5
{[%clk 0:50:32]} Ne7 {[%clk 0:44:17]} 19. Qg3 {[%clk 0:45:28]} Kh8
{[%clk 0:40:20]} 20. Qh3 {[%clk 0:38:20]} Neg8 {[%clk 0:33:36]} 21. Be3
{[%clk 0:37:21]} Rc8 {[%clk 0:32:55]} 22. Rd1 {[%clk 0:33:56]} Rc7
{[%clk 0:29:41]} 23. Bg5 {[%clk 0:20:20]} Rd7 {[%clk 0:28:43]} 24. Be3
{[%clk 0:16:35]} Qa8 {[%clk 0:24:03]} 25. f4 {[%clk 0:12:32]} Nd5
{[%clk 0:20:58]} 26. f5 {[%clk 0:11:49]} Nxe3 {[%clk 0:20:47]} 27. Rxe3
{[%clk 0:11:43]} exf5 {[%clk 0:20:33]} 28. Qxf5 {[%clk 0:09:56]} Nf6
{[%clk 0:21:02]} 29. Rh3 {[%clk 0:08:58]} Qd8 {[%clk 0:17:40]} 30. Qf4
{[%clk 0:08:38]} Kg8 {[%clk 0:17:11]} 31. Rg3 {[%clk 0:08:17]} Kh8
{[%clk 0:16:09]} 32. Rh3 {[%clk 0:08:31]} Kg8 {[%clk 0:14:14]} 33. Rdd3
{[%clk 0:06:01]} Qe7 {[%clk 0:07:02]} 34. Rd1 {[%clk 0:03:57]} Rfd8
{[%clk 0:06:39]} 35. Ba4 {[%clk 0:02:58]} Rxd4 {[%clk 0:06:55]} 36. Re3
{[%clk 0:01:13]} Qc5 {[%clk 0:04:08]} 37. Rxd4 {[%clk 0:01:24]} Rxd4
{[%clk 0:04:11]} 38. Qb8+ {[%clk 0:01:23]} Kh7 {[%clk 0:03:55]} 39. Qxb7
{[%clk 0:00:43]} Rd3 {[%clk 0:03:44]} 40. Qf3 {[%clk 0:30:32]} Rxe3
{[%clk 0:33:58]} 0-1

[Event "High League 2022 men"]
[Site "Obninsk"]
[Date "2022.07.05"]
[Round "9.18"]
[White "Shapiro, David"]
[Black "Sutormin, Danila"]
[Result "0-1"]
[LiveChessVersion "1.4.7"]
[BlackElo "2382"]
[WhiteElo "2393"]

1. d4 {[%clk 1:30:58]} Nf6 {[%clk 1:28:35]} 2. c4 {[%clk 1:31:18]} g6
{[%clk 1:28:57]} 3. Nc3 {[%clk 1:31:41]} Bg7 {[%clk 1:29:24]} 4. e4
{[%clk 1:32:02]} d6 {[%clk 1:29:47]} 5. h3 {[%clk 1:32:26]} O-O {[%clk 1:29:53]}
6. Be3 {[%clk 1:32:51]} c5 {[%clk 1:27:49]} 7. Nf3 {[%clk 1:33:07]} Qa5
{[%clk 1:18:20]} 8. Qd2 {[%clk 1:33:28]} Nc6 {[%clk 1:06:04]} 9. d5
{[%clk 1:29:42]} Nd4 {[%clk 1:06:07]} 10. Rc1 {[%clk 1:12:55]} e5
{[%clk 0:56:31]} 11. dxe6 {[%clk 1:08:08]} Bxe6 {[%clk 0:54:54]} 12. Bxd4
{[%clk 0:45:34]} cxd4 {[%clk 0:54:27]} 13. Nb5 {[%clk 0:45:50]} Qxa2
{[%clk 0:44:32]} 14. Bd3 {[%clk 0:45:45]} Rac8 {[%clk 0:38:21]} 15. Nxd6
{[%clk 0:25:25]} Rc6 {[%clk 0:36:56]} 16. c5 {[%clk 0:25:40]} b6 {[%clk 0:34:06]}
17. Bb1 {[%clk 0:11:37]} Qa4 {[%clk 0:28:32]} 18. Bc2 {[%clk 0:11:50]} Qa2
{[%clk 0:27:48]} 19. Bb1 {[%clk 0:08:14]} Qa4 {[%clk 0:27:56]} 20. Qxd4
{[%clk 0:07:34]} Qa1 {[%clk 0:19:50]} 21. e5 {[%clk 0:03:47]} Rxc5
{[%clk 0:16:49]} 22. O-O {[%clk 0:02:05]} Rxc1 {[%clk 0:16:50]} 23. Rxc1
{[%clk 0:02:34]} Nd7 {[%clk 0:17:14]} 24. Ng5 {[%clk 0:01:49]} Nxe5
{[%clk 0:12:55]} 25. Qh4 {[%clk 0:02:07]} h6 {[%clk 0:13:05]} 26. Nxe6
{[%clk 0:00:49]} Qxb2 {[%clk 0:12:15]} 27. Rf1 {[%clk 0:00:42]} fxe6
{[%clk 0:12:43]} 28. Qe7 {[%clk 0:00:52]} Qb3 {[%clk 0:07:19]} 29. Rc1
{[%clk 0:00:39]} Nc6 {[%clk 0:05:32]} 30. Qd7 {[%clk 0:00:38]} Nd4
{[%clk 0:06:00]} 31. Ne8 {[%clk 0:00:34]} Rf7 {[%clk 0:04:41]} 32. Qd8
{[%clk 0:01:03]} Kh7 {[%clk 0:04:48]} 33. Re1 {[%clk 0:00:39]} Qb2
{[%clk 0:03:36]} 34. Rf1 {[%clk 0:00:55]} Ne2+ {[%clk 0:03:50]} 35. Kh2
{[%clk 0:00:34]} Be5+ {[%clk 0:03:01]} 36. g3 {[%clk 0:00:33]} Nxg3
{[%clk 0:03:17]} 37. Bxg6+ {[%clk 0:00:31]} Kxg6 {[%clk 0:03:39]} 38. Qd3+
{[%clk 0:00:57]} Rf5 {[%clk 0:02:22]} 39. Rg1 {[%clk 0:00:59]} Qxf2+
{[%clk 0:02:38]} 40. Rg2 {[%clk 0:31:26]} Qe1 {[%clk 0:32:21]} 41. Rg1
{[%clk 0:31:21]} Qf2+ {[%clk 0:28:24]} 42. Rg2 {[%clk 0:31:48]} Qf4
{[%clk 0:27:39]} 43. Qd7 {[%clk 0:31:22]} Kh5 {[%clk 0:26:49]} 0-1

[Event "High League 2022 men"]
[Site "Obninsk"]
[Date "2022.07.05"]
[Round "9.19"]
[White "Shoboev, Dandar"]
[Black "Belyakov, Bogdan"]
[Result "0-1"]
[LiveChessVersion "1.4.7"]
[BlackElo "2448"]
[WhiteElo "2244"]

1. d4 {[%clk 1:30:57]} Nf6 {[%clk 1:29:50]} 2. Bf4 {[%clk 1:30:56]} d6
{[%clk 1:28:52]} 3. Nc3 {[%clk 1:30:13]} Nbd7 {[%clk 1:27:14]} 4. Nf3
{[%clk 1:29:47]} c5 {[%clk 1:25:10]} 5. e3 {[%clk 1:25:59]} Nh5 {[%clk 1:20:33]}
6. Bg5 {[%clk 1:18:14]} h6 {[%clk 1:20:27]} 7. Bh4 {[%clk 1:18:40]} g5
{[%clk 1:20:51]} 8. Bg3 {[%clk 1:15:32]} Bg7 {[%clk 1:19:31]} 9. dxc5
{[%clk 1:07:47]} Nxg3 {[%clk 1:15:57]} 10. hxg3 {[%clk 1:08:12]} Nxc5
{[%clk 1:16:20]} 11. Nd4 {[%clk 1:05:16]} a6 {[%clk 1:08:51]} 12. Be2
{[%clk 1:04:43]} Bd7 {[%clk 1:02:22]} 13. Qd2 {[%clk 0:57:28]} Rc8
{[%clk 1:00:10]} 14. Bf3 {[%clk 0:47:18]} b5 {[%clk 0:56:44]} 15. a3
{[%clk 0:43:12]} O-O {[%clk 0:51:19]} 16. O-O {[%clk 0:37:33]} g4
{[%clk 0:46:19]} 17. Be2 {[%clk 0:37:27]} e5 {[%clk 0:33:35]} 18. Nb3
{[%clk 0:36:27]} Be6 {[%clk 0:33:55]} 19. Nxc5 {[%clk 0:23:17]} dxc5
{[%clk 0:31:10]} 20. Rfd1 {[%clk 0:23:30]} e4 {[%clk 0:22:42]} 21. Rab1
{[%clk 0:18:30]} Qxd2 {[%clk 0:17:04]} 22. Rxd2 {[%clk 0:18:35]} Bxc3
{[%clk 0:17:24]} 23. bxc3 {[%clk 0:19:00]} Rfd8 {[%clk 0:16:54]} 24. Rbd1
{[%clk 0:19:18]} Rxd2 {[%clk 0:17:19]} 25. Rxd2 {[%clk 0:19:45]} Rc6
{[%clk 0:15:45]} 26. Kf1 {[%clk 0:18:52]} f5 {[%clk 0:15:05]} 27. Ke1
{[%clk 0:19:02]} Kf7 {[%clk 0:15:18]} 28. Rd8 {[%clk 0:19:23]} Ke7
{[%clk 0:14:25]} 29. Rb8 {[%clk 0:18:16]} Rd6 {[%clk 0:14:07]} 30. Rb7+
{[%clk 0:17:40]} Kd8 {[%clk 0:13:55]} 31. Rh7 {[%clk 0:16:38]} Bd7
{[%clk 0:13:39]} 32. f3 {[%clk 0:09:08]} gxf3 {[%clk 0:13:26]} 33. gxf3
{[%clk 0:09:34]} exf3 {[%clk 0:13:28]} 34. Bxf3 {[%clk 0:10:00]} Kc7
{[%clk 0:13:41]} 35. e4 {[%clk 0:06:35]} Kd8 {[%clk 0:11:21]} 36. Rh8+
{[%clk 0:06:04]} Ke7 {[%clk 0:11:39]} 37. Rh7+ {[%clk 0:05:45]} Ke8
{[%clk 0:11:05]} 38. Rh8+ {[%clk 0:01:59]} Ke7 {[%clk 0:10:03]} 39. Rh7+
{[%clk 0:02:21]} Kd8 {[%clk 0:10:28]} 40. Rh8+ {[%clk 0:32:40]} Kc7
{[%clk 0:40:52]} 41. Rh7 {[%clk 0:33:05]} fxe4 {[%clk 0:37:56]} 42. Bg4
{[%clk 0:33:07]} Kc6 {[%clk 0:38:15]} 43. Bxd7+ {[%clk 0:33:28]} Rxd7
{[%clk 0:38:41]} 44. Rxh6+ {[%clk 0:33:53]} Kd5 {[%clk 0:39:08]} 45. Rxa6
{[%clk 0:29:51]} Rg7 {[%clk 0:38:15]} 46. a4 {[%clk 0:22:30]} bxa4
{[%clk 0:37:50]} 47. Rxa4 {[%clk 0:22:58]} Rxg3 {[%clk 0:38:11]} 48. Kd2
{[%clk 0:23:23]} Rg2+ {[%clk 0:38:28]} 49. Ke3 {[%clk 0:21:39]} Rg3+
{[%clk 0:37:47]} 50. Kd2 {[%clk 0:22:07]} Rh3 {[%clk 0:37:33]} 51. Ra8
{[%clk 0:20:58]} Rh2+ {[%clk 0:37:52]} 52. Kd1 {[%clk 0:15:59]} Kc4
{[%clk 0:36:35]} 53. Ra3 {[%clk 0:12:09]} Rg2 {[%clk 0:32:18]} 54. Rb3
{[%clk 0:11:20]} e3 {[%clk 0:32:03]} 55. Ra3 {[%clk 0:11:41]} Rd2+
{[%clk 0:20:41]} 56. Kc1 {[%clk 0:12:02]} Kd5 {[%clk 0:20:49]} 57. Ra8
{[%clk 0:12:13]} Ke4 {[%clk 0:21:12]} 58. Re8+ {[%clk 0:01:56]} Kf3
{[%clk 0:21:15]} 59. Rf8+ {[%clk 0:02:19]} Kg3 {[%clk 0:18:43]} 60. Rf5
{[%clk 0:01:30]} Rd8 {[%clk 0:18:04]} 61. Re5 {[%clk 0:00:42]} Kf3
{[%clk 0:17:24]} 62. Rf5+ {[%clk 0:00:34]} Ke4 {[%clk 0:17:21]} 63. Rf1
{[%clk 0:00:47]} e2 {[%clk 0:17:44]} 64. Rh1 {[%clk 0:00:44]} 0-1

[Event "High League 2022 men"]
[Site "Obninsk"]
[Date "2022.07.05"]
[Round "9.20"]
[White "Goltsev, Dmitry"]
[Black "Grigorjev, Iljya"]
[Result "1-0"]
[LiveChessVersion "1.4.7"]
[BlackElo "2350"]
[WhiteElo "2294"]

1. e4 {[%clk 1:31:00]} e5 {[%clk 1:30:54]} 2. Nf3 {[%clk 1:31:27]} Nc6
{[%clk 1:31:17]} 3. Bb5 {[%clk 1:31:54]} a6 {[%clk 1:31:41]} 4. Ba4
{[%clk 1:32:22]} d6 {[%clk 1:32:05]} 5. c3 {[%clk 1:32:47]} g5 {[%clk 1:32:30]}
6. h3 {[%clk 1:32:39]} Bd7 {[%clk 1:32:45]} 7. d4 {[%clk 1:33:05]} h6
{[%clk 1:33:09]} 8. Bb3 {[%clk 1:31:20]} Nf6 {[%clk 1:32:57]} 9. Bxg5
{[%clk 1:29:40]} hxg5 {[%clk 1:33:12]} 10. Nxg5 {[%clk 1:30:07]} Qe7
{[%clk 1:29:46]} 11. Bxf7+ {[%clk 1:29:26]} Kd8 {[%clk 1:30:12]} 12. d5
{[%clk 1:29:20]} Nxd5 {[%clk 1:29:14]} 13. exd5 {[%clk 1:29:26]} Qxg5
{[%clk 1:29:31]} 14. dxc6 {[%clk 1:20:17]} Bxc6 {[%clk 1:29:56]} 15. Bd5
{[%clk 1:17:36]} Bxd5 {[%clk 1:30:21]} 16. Qxd5 {[%clk 1:17:52]} Qc1+
{[%clk 1:30:46]} 17. Qd1 {[%clk 1:18:16]} Qxb2 {[%clk 1:31:11]} 18. O-O
{[%clk 1:18:12]} Bh6 {[%clk 1:30:00]} 19. Qb3 {[%clk 1:17:56]} Qxb3
{[%clk 1:30:22]} 20. axb3 {[%clk 1:18:21]} Kd7 {[%clk 1:29:39]} 21. c4
{[%clk 1:17:03]} c6 {[%clk 1:25:14]} 22. Nc3 {[%clk 1:16:57]} Ke6
{[%clk 1:25:38]} 23. Rad1 {[%clk 1:16:53]} Rad8 {[%clk 1:26:03]} 24. Rd3
{[%clk 1:16:22]} d5 {[%clk 1:25:13]} 25. Rfd1 {[%clk 1:16:47]} d4
{[%clk 1:25:21]} 26. Ne4 {[%clk 1:17:13]} Bf8 {[%clk 1:22:37]} 27. Re1
{[%clk 1:16:13]} Bb4 {[%clk 1:20:54]} 28. Re2 {[%clk 1:16:41]} Rdf8
{[%clk 1:17:31]} 29. f3 {[%clk 1:15:32]} b5 {[%clk 1:17:46]} 30. Nf2
{[%clk 1:14:49]} Kd6 {[%clk 1:17:06]} 31. Ne4+ {[%clk 1:06:39]} Kc7
{[%clk 1:17:03]} 32. Nf2 {[%clk 1:06:10]} bxc4 {[%clk 1:16:30]} 33. bxc4
{[%clk 1:06:19]} Re8 {[%clk 1:16:55]} 34. Ng4 {[%clk 1:06:34]} a5
{[%clk 1:15:29]} 35. Nxe5 {[%clk 1:06:20]} a4 {[%clk 1:15:55]} 36. f4
{[%clk 1:06:45]} Bc5 {[%clk 1:10:35]} 37. Ra2 {[%clk 1:05:57]} Ra8
{[%clk 1:10:42]} 38. Rg3 {[%clk 1:05:35]} Rhe8 {[%clk 1:05:51]} 39. Rg7+
{[%clk 1:02:26]} Re7 {[%clk 1:06:17]} 40. Rxe7+ {[%clk 1:32:30]} Bxe7
{[%clk 1:36:43]} 41. Nd3 {[%clk 1:32:55]} Kb6 {[%clk 1:35:26]} 42. g4
{[%clk 1:32:10]} a3 {[%clk 1:35:49]} 43. g5 {[%clk 1:32:21]} Ka5 {[%clk 1:35:41]}
44. f5 {[%clk 1:31:16]} Ka4 {[%clk 1:34:14]} 45. f6 {[%clk 1:31:39]} Bxf6
{[%clk 1:33:15]} 46. gxf6 {[%clk 1:31:59]} Kb3 {[%clk 1:33:41]} 47. Ra1
{[%clk 1:29:03]} Kxc4 {[%clk 1:32:43]} 48. f7 {[%clk 1:29:28]} c5
{[%clk 1:32:08]} 49. Rxa3 {[%clk 1:29:12]} Rf8 {[%clk 1:32:37]} 50. h4
{[%clk 1:29:07]} Kd5 {[%clk 1:33:04]} 51. Nf4+ {[%clk 1:29:31]} 1-0